Histoire de France par lettre - T - Statistiques

Statistiques générales
  • Ce quiz a été pris 15 327 fois
  • Le résultat moyen est 9 sur 20
Statistiques - réponses
Indices Réponses % Correct
Pays nord-africain sous protectorat de 1881 à 1956 Tunisie
92%
Période de grands troubles de la Révolution française caractérisée par l'hégémonie du Comité du salut public et un usage important de la guillotine Terreur
87%
Représentant 97% de la société française, il était pourtant inférieur aux deux autres ordres Tiers-Etat
84%
Palais incendié en 1871 et détruit en 1883 dont les jardins sont aujourd'hui un parc public Tuileries
73%
Surnom animal donné à Georges Clemenceau Le Tigre
71%
Ile du Pacifique colonisée par la France où Paul Gauguin s'installa en 1891 Tahiti
69%
Multinationale de production d'hydrocarbures fondée en 1924 suite à un accord avec le Royaume-Uni pour l'exploitation des champs pétrolifères de Mésopotamie Total
64%
Ordre religieux et militaire dont Philippe le Bel œuvra à la dissolution Templiers
53%
Il poussa Louis-Philippe sur le trône en 1830, s'opposa à Louis-Napoléon Bonaparte en 1851 et devint le premier Président de la Troisième République française en 1871 Adolphe Thiers
45%
Arrondissement subsistant du Haut-Rhin suite à la guerre franco-prussienne, il devint officiellement un département en 1922 Territoire de Belfort
36%
Figure de la Nouvelle Vague française ayant notamment réalisé Les Quatre Cents Coups François Truffaut
33%
François Hollande y donna son premier discours en tant que Président de la République Tulle
31%
Poète et compositeur en langue d'oc Troubadour
28%
Diplomate sous la Révolution, l'Empire et la Restauration, il représentait la France au Congrès de Vienne Talleyrand
24%
Territoire devenu province française en 1216 après avoir été disputé entre les maisons de Blois et d'Anjou avant d'être élevé au rang de duché en 1312 Touraine
23%
Mois estival du calendrier républicain donnant son nom aux opposants de Robespierre Thermidor
20%
Ville dans lequel cet ordre avait été créé en 1129 Troyes
18%
Protectorat indochinois de 1884 à 1949 correspondant au Nord de l'actuel Viêt Nam Tonkin
16%
Poète et compositeur en langue d'oïl Trouvère
16%
Impôt direct prélevé par le Roi par l'intermédiaire de ses vassaux pour financer les guerres Taille
15%
Aucun quiz correspondant
Distribution des résultats
% des personnes avec chaque résultat
Percentile par nombre de réponses
Votre historique - résultats
Vous n’avez pas pris ce quiz